LIBRARY & INFORMATION CENTRE, KCAET, TAVANUR

ONLINE PUBLIC ACCESS CATALOGUE (OPAC)

Theory and problems of machine design / (Record no. 205)

MARC details
000 -LEADER
fixed length control field 00627cam a2200229ua 4500
020 ## - INTERNATIONAL STANDARD BOOK NUMBER
ISBN 0-07-099059-X
041 ## - LANGUAGE CODE
Language code of text/sound track or separate title eng
082 ## - DEWEY DECIMAL CLASSIFICATION NUMBER
Classification number 621.815
Item number HAL/TH
100 ## - MAIN ENTRY--AUTHOR NAME
Personal name Hall, Allen S.
245 ## - TITLE STATEMENT
Title Theory and problems of machine design /
250 ## - EDITION STATEMENT
Edition statement 2 /
260 ## - PUBLICATION, DISTRIBUTION, ETC. (IMPRINT)
Place of publication New York :
Name of publisher Mc Graw Hill Book Company ,
Year of publication 1982.
300 ## - PHYSICAL DESCRIPTION
Number of Pages 344 ; .
490 0# - SERIES STATEMENT
Series statement Schaum`s outline series,
Volume number/sequential designation
700 1# - ADDED ENTRY--PERSONAL NAME
Personal name Holowenko, Alfred R.
700 1# - ADDED ENTRY--PERSONAL NAME
Personal name Laughlin, Herman G.
942 ## - ADDED ENTRY ELEMENTS (KOHA)
Koha item type Books
Holdings
Withdrawn status Lost status Damaged status Home library Current library Date acquired Full call number Accession Number Koha item type
      KAUAET KAUAET 07/04/2012 621.815 17670 Books
      KAUAET KAUAET 22/08/1986 621.815 15472 Books
      KAUAET KAUAET 20/10/2022 621.815 HAL/TH 15462 Books
free website counter